| 000 | 005420000a22001930004500 | ||
|---|---|---|---|
| 041 | 0 | _aSPA | |
| 082 | 0 | 4 | _aG 248.4 L183m |
| 100 | 1 | _aLaHaye, Beverly | |
| 245 | 1 | 0 | _aLa mujer sujeta al espíritu / Beverly LaHaye |
| 260 | _aPuerto Rico : Betania | ||
| 300 | _a208 Pag | ||
| 500 | _aTítulo original : The Spirit-controlled woman | ||
| 650 | 1 | 4 | _aVIDA RELIGIOSA DE MUJERES \ ESPIRITU SANTO |
| 001 | 5397 | ||
| 942 | _cBK | ||
| 999 |
_c35803 _d35803 |
||
| 336 |
_atexto _btxt _2rdacontent |
||
| 337 |
_2rdamedia _asin mediación _bn |
||
| 338 |
_2rdacarrier _avolumen _bnc |
||